000 00302nam a22001337a 4500
008 180206b xxu||||| |||| 00| 0 eng d
020 _a9780878408399
041 _aeng
080 _a34
100 _a14
101 _aJUR
245 _aLaw an introduction and bioethics
_cMenikoff,J
942 _2udc
_cBK
999 _c41914
_d41914